Statistics for Zodiac Signs Quiz #10

Click here to take the quiz!

General Stats

  • This quiz has been taken 83 times
  • The average score is 11 of 12

Answer Stats

HintAnswer% Correct
June 21 - July 22Cancer
99%
Sign before TaurusAries
97%
Sign after TaurusGemini
97%
Sign after VirgoLibra
97%
Sign before SagittariusScorpio
96%
Opposite of LeoAquarius
95%
2nd Fire SignLeo
95%
The archerSagittarius
95%
1st Earth SignTaurus
95%
Opposite of PiscesVirgo
95%
4th Mutable SignPisces
91%
Elvis Presley was this Sign Capricorn
89%

Score Distribution

Percentile by Number Answered

Percent of People with Each Score

Your Score History

You have not taken this quiz